000 00685nam a2200253Ia 4500
003 OSt
005 20221005092042.0
006 a|||||r|||| 00| 0
007 ta
008 221004b |||||||| |||| 00| 0 eng d
020 _a0394421337
024 _a46247
037 _cTextual
040 _aCRL
_cCRL
_beng
041 _2eng
_aeng
082 _aO111,4N05x, L8
100 _aBruccoli Matthew J Ed.
_9616842
245 0 _aSelected letters of John O'Hara
260 _aNew York
_bRandom House USA
_c1978
300 _a538p.
_ccm.
650 _aENGLISH LITERATURE
942 _hO111,4N05x, L8
_cTEXL
_2cc
999 _c998262
_d998262